000 00604nam a2200229Ia 4500
003 OSt
005 20221005050212.0
006 a|||||r|||| 00| 0
007 ta
008 221004b |||||||| |||| 00| 0 mal d
024 _a57576
037 _cTextual
040 _aCRL
_cCRL
_bmal
041 _2mal
_amal
082 _aO32,3NVI2,4, M7
100 _aVilasini Au.
_9594359
245 0 _aYaathramukam
260 _aKottayam
_bD C Books India
_c1987
650 _aMALAYALAM FICTION
_9183428
942 _hO32,3NVI2,4, M7
_cTEXL
_2cc
999 _c956486
_d956486